[Event "Bucharest Grand Prix op"]
[Site "Bucharest"]
[Date "2024.03.24"]
[Round "5"]
[White "Chigaev, Maksim"]
[Black "Rozen, Eytan"]
[Result "1/2-1/2"]
[WhiteElo "2617"]
[BlackElo "2487"]
[PlyCount "89"]
[EventDate "2024.03.23"]
[EventType "swiss (rapid)"]
[EventRounds "10"]
[EventCountry "ROU"]
[SourceTitle "CB13_2024"]
[SourceDate "2024.03.27"]
[SourceVersion "1"]
[SourceVersionDate "2024.03.27"]
[SourceQuality "1"]

1. e4 c6 2. d4 d5 3. e5 c5 4. Nf3 Nc6 5. c4 cxd4 6. Nxd4 e6 7. Nc3 Bc5 8. Nxc6 bxc6 9. cxd5 cxd5 10. Bd3 Ne7 11. Na4 Bb4+ 12. Bd2 Qa5 13. Nc3 Ba6 14. Bxa6 Qxa6 15. Qa4+ Qxa4 16. Nxa4 Rb8 17. g3 Nc6 18. f4 Ke7 19. Ke2 Nd4+ 20. Kd3 Bxd2 21. Kxd2 Rhc8 22. Rac1 h5 23. Kd3 Nc6 24. a3 f6 25. exf6+ gxf6 26. Rc5 Kd6 27. Rhc1 a5 28. R5c2 e5 29. fxe5+ fxe5 30. Nc5 Rb5 31. Ke3 Rcb8 32. Ne4+ dxe4 33. Rxc6+ Kd5 34. b4 axb4 35. axb4 R8b7 36. R1c3 Rb8 37. Rc7 Rxb4 38. R3c5+ Ke6 39. R5c6+ Kd5 40. Rc5+ Ke6 41. h3 Rb3+ 42. Kxe4 R8b4+ 43. Rc4 Rxc4+ 44. Rxc4 Rxg3 45. Rc6+ 1/2-1/2

[Event "Bucharest Grand Prix op"]
[Site "Bucharest"]
[Date "2024.03.24"]
[Round "6"]
[White "Rozen, Eytan"]
[Black "Lupulescu, Constantin"]
[Result "1/2-1/2"]
[WhiteElo "2487"]
[BlackElo "2579"]
[PlyCount "58"]
[EventDate "2024.03.23"]
[EventType "swiss (rapid)"]
[EventRounds "10"]
[EventCountry "ROU"]
[SourceTitle "CB13_2024"]
[SourceDate "2024.03.27"]
[SourceVersion "1"]
[SourceVersionDate "2024.03.27"]
[SourceQuality "1"]

1. d4 Nf6 2. Nf3 d5 3. c3 Bf5 4. Bf4 e6 5. e3 Nbd7 6. Bd3 Bxd3 7. Qxd3 c5 8. Nbd2 Be7 9. 0-0 0-0 10. h3 Qb6 11. a4 a6 12. Rfb1 Bd6 13. b4 c4 14. Qc2 Qc7 15. Bxd6 Qxd6 16. a5 e5 17. dxe5 Nxe5 18. Nxe5 Qxe5 19. b5 Ne4 20. Nxe4 dxe4 21. bxa6 bxa6 22. Rb4 Rfc8 23. Raa4 Qd5 24. Qe2 Qd3 25. Qxd3 cxd3 26. Rxe4 Rxc3 27. Rad4 g6 28. Re5 Rb8 29. Red5 Rb5 1/2-1/2

[Event "Titled Tuesday intern op 12th Mar Late"]
[Site "Chess.com INT"]
[Date "2024.03.12"]
[Round "3"]
[White "Ghafourian, Amir Ali"]
[Black "Rozen, Eytan"]
[Result "0-1"]
[WhiteElo "2113"]
[BlackElo "2487"]
[PlyCount "114"]
[EventDate "2024.03.12"]
[EventType "swiss (blitz)"]
[EventRounds "11"]
[EventCountry "USA"]
[SourceTitle "CB12_2024"]
[SourceDate "2023.10.01"]
[SourceVersion "1"]
[SourceVersionDate "2023.10.01"]
[SourceQuality "1"]

1. e4 Nf6 2. Nc3 d5 3. e5 Nfd7 4. e6 fxe6 5. d4 c5 6. Nf3 Nc6 7. Bb5 g6 8. dxc5 Bg7 9. Be3 0-0 10. 0-0 Nde5 11. Nxe5 Nxe5 12. Bd4 Bd7 13. Re1 Nc6 14. Bxc6 bxc6 15. Bxg7 Kxg7 16. Qd4+ Rf6 17. Rad1 Qb8 18. b3 Qf4 19. g3 Qf5 20. Rd2 Raf8 21. f4 Kg8 22. Re5 Qg4 23. Rf2 h6 24. Nd1 Rxf4 25. Rxf4 Rxf4 26. Qxf4 Qxd1+ 27. Kg2 Qxc2+ 28. Qf2 Qc3 29. Qe3 Qb2+ 30. Qe2 Qb1 31. Qd2 Kg7 32. Re1 Qf5 33. Qd4+ Qf6 34. Qe5 Qxe5 35. Rxe5 Kf6 36. Re1 e5 37. Kf3 d4 38. g4 h5 39. gxh5 gxh5 40. h4 Bg4+ 41. Ke4 Bf5+ 42. Kf3 e4+ 43. Kf4 e5+ 44. Kg3 e3 45. b4 Bg4 46. a4 d3 47. Rxe3 d2 48. Rd3 d1Q 49. Rxd1 Bxd1 50. b5 Bg4 51. b6 axb6 52. cxb6 Bc8 53. Kf3 Kf5 54. Ke3 c5 55. Kd3 Ba6+ 56. Kc3 e4 57. Kd2 Kf4 0-1

[Event "Titled Tuesday intern op 12th Mar Late"]
[Site "Chess.com INT"]
[Date "2024.03.12"]
[Round "6"]
[White "Ranaldi, Lucas"]
[Black "Rozen, Eytan"]
[Result "0-1"]
[WhiteElo "2361"]
[BlackElo "2487"]
[PlyCount "202"]
[EventDate "2024.03.12"]
[EventType "swiss (blitz)"]
[EventRounds "11"]
[EventCountry "USA"]
[SourceTitle "CB12_2024"]
[SourceDate "2023.10.01"]
[SourceVersion "1"]
[SourceVersionDate "2023.10.01"]
[SourceQuality "1"]

1. Nf3 g6 2. c4 Bg7 3. d4 d6 4. e4 Bg4 5. Be2 Nc6 6. Be3 Nf6 7. Nc3 Bxf3 8. Bxf3 e5 9. d5 Nd4 10. Bxd4 exd4 11. Qxd4 0-0 12. Qd2 Re8 13. 0-0 h5 14. Rfe1 Nh7 15. g3 a6 16. a4 a5 17. Bg2 h4 18. Rad1 Qf6 19. Qc2 Nf8 20. Bh3 Qe7 21. f4 Nd7 22. Bxd7 Qxd7 23. Kg2 Ra6 24. b3 Qg4 25. Rd3 Re7 26. Qe2 Qd7 27. Qc2 Ra8 28. Rde3 Rae8 29. Qd3 Qg4 30. h3 Qd7 31. g4 f5 32. gxf5 gxf5 33. exf5 Rxe3 34. Rxe3 Rxe3 35. Qxe3 Qxf5 36. Ne4 Bh6 37. Kf3 Qxh3+ 38. Ke2 Qxe3+ 39. Kxe3 h3 40. Kf3 h2 41. Ng3 Kf7 42. Kg4 Kf6 43. Nh1 Kg6 44. Nf2 c6 45. Nh1 cxd5 46. cxd5 Kf6 47. Nf2 b6 48. Nh1 Kf7 49. Nf2 Ke7 50. Kf5 Kf8 51. Nh1 Kf7 52. Ng3 Ke7 53. Kg4 Kf7 54. Nh1 Kf6 55. Nf2 Kg6 56. Nh1 Bg7 57. Kg3 Kf5 58. Kf3 Bh6 59. Ng3+ Kg6 60. Kg4 Kf6 61. Nh1 Bf8 62. Nf2 Kg7 63. Kg5 Be7+ 64. Kg4 Bd8 65. Nh1 Kf6 66. Ng3 Kg6 67. Nh1 Bf6 68. Ng3 Bd4 69. Kh3 Be3 70. Kg4 Bf2 71. Nh1 Be1 72. Kf3 Kf5 73. Ke2 Bh4 74. Kf3 Be1 75. Ke2 Kxf4 76. Kxe1 Ke4 77. Ke2 Kxd5 78. Kd3 Kc5 79. Kc3 d5 80. Nf2 d4+ 81. Kb2 Kd5 82. Kc2 Ke5 83. Kd3 Kd5 84. Nh1 Kc5 85. Kc2 Kb4 86. Nf2 Ka3 87. Nh1 d3+ 88. Kxd3 Kxb3 89. Nf2 Kxa4 90. Kc2 b5 91. Kb2 b4 92. Ka2 Kb5 93. Kb3 a4+ 94. Kb2 Kc4 95. Kc2 a3 96. Kb1 b3 97. Ka1 Kc3 98. Nd1+ Kc2 99. Nf2 b2+ 100. Ka2 b1Q+ 101. Kxa3 Qb3# 0-1

[Event "Titled Tuesday intern op 12th Mar Late"]
[Site "Chess.com INT"]
[Date "2024.03.12"]
[Round "8"]
[White "Rozen, Eytan"]
[Black "Makarian, Rudik"]
[Result "0-1"]
[WhiteElo "2487"]
[BlackElo "2525"]
[PlyCount "52"]
[EventDate "2024.03.12"]
[EventType "swiss (blitz)"]
[EventRounds "11"]
[EventCountry "USA"]
[SourceTitle "CB12_2024"]
[SourceDate "2023.10.01"]
[SourceVersion "1"]
[SourceVersionDate "2023.10.01"]
[SourceQuality "1"]

1. e4 c5 2. Nf3 e6 3. c3 d5 4. e5 d4 5. g3 Nc6 6. d3 dxc3 7. bxc3 b6 8. Bg2 Qd7 9. 0-0 Ba6 10. Qa4 Bb7 11. Na3 Nge7 12. Nc4 Nd5 13. Qc2 Be7 14. h4 h6 15. Nfd2 Rd8 16. Ne4 0-0 17. Ned6 Bxd6 18. Nxd6 Nxe5 19. Nxb7 Qxb7 20. c4 Nb4 21. Qc3 Qc7 22. Bf4 Nbxd3 23. Be3 Ng4 24. Bd2 Qe5 25. Qa3 Ndxf2 26. Bf4 Qd4 0-1

[Event "ISR-ch op"]
[Site "Acre"]
[Date "2024.01.28"]
[Round "8"]
[White "Tzidkiya, Yeshaayahu"]
[Black "Rozen, Eytan"]
[Result "1/2-1/2"]
[WhiteElo "2448"]
[BlackElo "2462"]
[PlyCount "26"]
[EventDate "2024.01.21"]
[EventType "swiss"]
[EventRounds "9"]
[EventCountry "ISR"]
[SourceTitle "CB05_2024"]
[SourceDate "2024.01.31"]
[SourceVersion "1"]
[SourceVersionDate "2024.01.31"]
[SourceQuality "1"]

1. e4 c6 2. Nc3 d5 3. Nf3 Bg4 4. Be2 e6 5. 0-0 Nd7 6. d4 dxe4 7. Nxe4 Ngf6 8. Nxf6+ Nxf6 9. c4 Bd6 10. Ne5 Bxe2 11. Qxe2 0-0 12. Bg5 Be7 13. Rfd1 Nd7 1/2-1/2

[Event "ISR-ch op"]
[Site "Acre"]
[Date "2024.01.24"]
[Round "4"]
[White "Milikow, Yoav"]
[Black "Rozen, Eytan"]
[Result "0-1"]
[WhiteElo "2376"]
[BlackElo "2462"]
[PlyCount "74"]
[EventDate "2024.01.21"]
[EventType "swiss"]
[EventRounds "9"]
[EventCountry "ISR"]
[SourceTitle "CB05_2024"]
[SourceDate "2024.01.31"]
[SourceVersion "1"]
[SourceVersionDate "2024.01.31"]
[SourceQuality "1"]

1. d4 d6 2. Nf3 Nf6 3. g3 g6 4. Bg2 Bg7 5. 0-0 0-0 6. c4 Bd7 7. Nc3 Re8 8. Bf4 Qc8 9. Re1 Nh5 10. Bg5 h6 11. Be3 Nf6 12. Bf4 Nh5 13. Be3 e5 14. c5 exd4 15. Bxd4 dxc5 16. Bxc5 Bc6 17. e4 Na6 18. Ba3 b5 19. Nd4 Bxd4 20. Qxd4 Rd8 21. Nd5 Bxd5 22. exd5 c5 23. Qd3 b4 24. d6 c4 25. Qd5 Rb8 26. Re7 Qf5 27. g4 Qxd5 28. Bxd5 bxa3 29. bxa3 Rxd6 30. Bxc4 Rd4 31. Bxa6 Rxg4+ 32. Kf1 Ra4 33. Be2 Nf4 34. Re3 Nxe2 35. Kxe2 Rh4 36. Kf3 Rxh2 37. Kg3 Rh5 0-1

[Event "ISR-ch op"]
[Site "Acre"]
[Date "2024.01.23"]
[Round "3"]
[White "Rozen, Eytan"]
[Black "Slobodiansky, Steven"]
[Result "1/2-1/2"]
[WhiteElo "2462"]
[BlackElo "2273"]
[PlyCount "69"]
[EventDate "2024.01.21"]
[EventType "swiss"]
[EventRounds "9"]
[EventCountry "ISR"]
[SourceTitle "CB05_2024"]
[SourceDate "2024.01.31"]
[SourceVersion "1"]
[SourceVersionDate "2024.01.31"]
[SourceQuality "1"]

1. Nf3 Nf6 2. d4 e6 3. Bg5 c5 4. c3 Nc6 5. e3 h6 6. Bh4 b6 7. Nbd2 Bb7 8. Bd3 Be7 9. Qe2 Qc7 10. 0-0 0-0 11. Bg3 d6 12. h3 Rac8 13. Rac1 Qb8 14. a3 Bd8 15. e4 Ne7 16. Bxd6 Qxd6 17. e5 Qb8 18. exf6 gxf6 19. Be4 Nd5 20. Rfd1 f5 21. Bxd5 Bxd5 22. Ne5 Qb7 23. c4 Bc6 24. d5 exd5 25. cxd5 Bxd5 26. Ndc4 Bc7 27. Nd7 Bxg2 28. Qh5 Bh1 29. Ne3 Bf4 30. Qxf5 Bxe3 31. Nf6+ Kg7 32. Nh5+ Kg8 33. Nf6+ Kg7 34. Nh5+ Kg8 35. Nf6+ 1/2-1/2

[Event "Sant Boi de Llobregat op 4th"]
[Site "Sant Boi de Llobregat"]
[Date "2023.12.07"]
[Round "8"]
[White "Vallejo Pons, Francisco"]
[Black "Rozen, Eytan"]
[Result "1-0"]
[WhiteElo "2667"]
[BlackElo "2451"]
[PlyCount "91"]
[EventDate "2023.11.30"]
[EventType "swiss"]
[EventRounds "9"]
[EventCountry "ESP"]
[SourceTitle "CB50_2023"]
[SourceDate "2023.12.13"]
[SourceVersion "1"]
[SourceVersionDate "2023.12.13"]
[SourceQuality "1"]

1. e4 c6 2. d4 d5 3. f3 e6 4. Nc3 Bb4 5. a3 Bxc3+ 6. bxc3 dxe4 7. Nh3 Qa5 8. Bb2 e5 9. fxe4 Bxh3 10. gxh3 Nf6 11. Bd3 Nbd7 12. 0-0 0-0-0 13. Kh1 Rhe8 14. Qf3 Nf8 15. Qf5+ Ne6 16. c4 Qb6 17. Bc3 Rxd4 18. Qxe5 Rd7 19. Qf5 h6 20. e5 Ng8 21. a4 Qe3 22. a5 g6 23. Qg4 a6 24. Rf3 Qc5 25. Rb1 h5 26. Qg3 Nh6 27. Bb4 Qa7 28. Bd6 Nd4 29. Rb6 Nhf5 30. Bxf5 gxf5 31. Rf1 Ne2 32. Qf2 f6 33. c5 Nc3 34. Qxf5 fxe5 35. Qxh5 Red8 36. Rf7 Nb5 37. Rxd7 Rxd7 38. Qe8+ Rd8 39. Qe6+ Rd7 40. Qe8+ Rd8 41. Qe6+ Rd7 42. c4 Nc7 43. Qxe5 Kd8 44. Rb1 Ne8 45. Bb8 Qa8 46. Re1 1-0

[Event "Sant Boi de Llobregat op 4th"]
[Site "Sant Boi de Llobregat"]
[Date "2023.12.02"]
[Round "3"]
[White "Rozen, Eytan"]
[Black "Asadli, Vugar Afgan Oglu"]
[Result "1/2-1/2"]
[WhiteElo "2451"]
[BlackElo "2562"]
[PlyCount "50"]
[EventDate "2023.11.30"]
[EventType "swiss"]
[EventRounds "9"]
[EventCountry "ESP"]
[SourceTitle "CB50_2023"]
[SourceDate "2023.12.13"]
[SourceVersion "1"]
[SourceVersionDate "2023.12.13"]
[SourceQuality "1"]

1. e4 e5 2. Nf3 Nc6 3. Bb5 Nge7 4. Nc3 Ng6 5. d3 a6 6. Bc4 Na5 7. 0-0 d6 8. a4 Nxc4 9. dxc4 Be7 10. Nd5 0-0 11. Ne3 Qe8 12. b3 Qc6 13. Re1 Bd8 14. Nf5 Bf6 15. Ng3 Nf4 16. Nd4 Qb6 17. Nde2 Qc6 18. Nd4 Qe8 19. Nde2 Nxe2+ 20. Qxe2 g6 21. Bh6 Bg7 22. Bxg7 Kxg7 23. Rad1 a5 24. Qd2 b6 25. Nh5+ gxh5 1/2-1/2

[Event "Jerusalem Summer"]
[Site "Jerusalem"]
[Date "2023.08.30"]
[Round "8"]
[White "Tzidkiya, Yeshaayahu"]
[Black "Rozen, Eytan"]
[Result "1/2-1/2"]
[WhiteElo "2445"]
[BlackElo "2433"]
[PlyCount "117"]
[EventDate "2023.08.23"]
[EventType "tourn"]
[EventRounds "9"]
[EventCountry "ISR"]
[EventCategory "7"]
[SourceTitle "EXT 2024"]
[Source "ChessBase"]
[SourceDate "2023.10.10"]
[SourceVersion "1"]
[SourceVersionDate "2023.10.10"]
[SourceQuality "1"]

1. e4 c6 2. d4 d5 3. e5 Bf5 4. Nd2 e6 5. Nb3 Nd7 6. Nf3 h6 7. Be2 Ne7 8. 0-0 g5 9. Ne1 Bg7 10. f4 gxf4 11. Bxf4 Ng6 12. Bd3 Bxd3 13. Nxd3 b6 14. Qf3 Qe7 15. Rac1 Rc8 16. c4 0-0 17. Bd2 a5 18. a4 dxc4 19. Rxc4 c5 20. Qh5 cxd4 21. Rxd4 Ndxe5 22. Nxe5 Bxe5 23. Rg4 Bg7 24. Bxh6 Qd7 25. h4 Qd3 26. Rf3 Qb1+ 27. Kh2 Rcd8 28. Bxg7 Kxg7 29. Nd4 Rd5 30. Rxf7+ Kxf7 31. Qh7+ Kf6 32. h5 Rxh5+ 33. Qxh5 e5 34. Qg5+ Kf7 35. Nf5 Rh8+ 36. Nh6+ Kg7 37. Rh4 Qf1 38. Nf5+ Qxf5 39. Qxf5 Rxh4+ 40. Kg3 Rb4 41. Qc2 Kf6 42. Kf3 e4+ 43. Kg4 Ne5+ 44. Kf4 Nd3+ 45. Ke3 Ne5 46. Qc7 Ng4+ 47. Kf4 e3+ 48. Kf3 Kf5 49. Qc2+ Kg5 50. g3 Kf6 51. b3 Ke5 52. Qc6 Kf5 53. Qd6 Ne5+ 54. Kxe3 Rxb3+ 55. Ke2 Rb2+ 56. Kf1 Rb4 57. Kg2 Ng4 58. Qd3+ Kf6 59. Qd6+ 1/2-1/2

[Event "Jerusalem Summer"]
[Site "Jerusalem"]
[Date "2023.08.28"]
[Round "6"]
[White "Rozentalis, Eduardas"]
[Black "Rozen, Eytan"]
[Result "1-0"]
[WhiteElo "2490"]
[BlackElo "2433"]
[PlyCount "125"]
[EventDate "2023.08.23"]
[EventType "tourn"]
[EventRounds "9"]
[EventCountry "ISR"]
[EventCategory "7"]
[SourceTitle "EXT 2024"]
[Source "ChessBase"]
[SourceDate "2023.10.10"]
[SourceVersion "1"]
[SourceVersionDate "2023.10.10"]
[SourceQuality "1"]

1. e4 c5 2. Nf3 d6 3. Bb5+ Nd7 4. a4 Ngf6 5. d3 a6 6. Bc4 e6 7. a5 Nb8 8. e5 dxe5 9. Nxe5 Bd6 10. f4 Nbd7 11. Qe2 0-0 12. Nd2 Nd5 13. Ndf3 f6 14. Nxd7 Bxd7 15. g3 Bc7 16. Bd2 Nb4 17. Bxb4 cxb4 18. f5 Kh8 19. fxe6 Re8 20. d4 Bxa5 21. 0-0-0 Bb5 22. d5 Bc7 23. Rhe1 Bd6 24. Nd4 Be5 25. Nb3 Qc7 26. Bd3 Rec8 27. Kb1 Bxd3 28. Qxd3 a5 29. Nd2 a4 30. Rxe5 Qxe5 31. Nc4 Rxc4 32. Qxc4 a3 33. Qd4 Qe2 34. Qd2 Qe5 35. Qxb4 axb2 36. Qxb2 Qe2 37. Qd4 h6 38. Kc1 b5 39. d6 Qxe6 40. d7 Rd8 41. Kb2 Kg8 42. Qc5 b4 43. Rd6 Qe4 44. Rd4 Qe6 45. Qc7 Qe7 46. Qc4+ Kh8 47. Qd5 Kh7 48. h4 Kh8 49. h5 Kh7 50. g4 Kh8 51. Qd6 Qf7 52. Rd5 Kh7 53. Kb3 f5 54. gxf5 Qxh5 55. Qg6+ Qxg6 56. fxg6+ Kxg6 57. Kxb4 Kf6 58. Kc5 g5 59. Kd6 h5 60. c4 h4 61. c5 h3 62. c6 h2 63. Rd1 1-0

[Event "Titled Tuesday intern op 01st Aug Late"]
[Site "Chess.com INT"]
[Date "2023.08.01"]
[Round "5"]
[White "Demidov, Mikhail"]
[Black "Rozen, Eytan"]
[Result "0-1"]
[WhiteElo "2566"]
[BlackElo "2433"]
[PlyCount "74"]
[EventDate "2023.08.01"]
[EventType "swiss (blitz)"]
[EventRounds "11"]
[EventCountry "USA"]
[SourceTitle "EXT 2024"]
[Source "ChessBase"]
[SourceDate "2023.10.10"]
[SourceVersion "1"]
[SourceVersionDate "2023.10.10"]
[SourceQuality "1"]

1. Nf3 Nf6 2. g3 g6 3. b3 Bg7 4. Bb2 0-0 5. Bg2 d6 6. d4 c6 7. 0-0 Bf5 8. c4 Nbd7 9. Nh4 d5 10. Nc3 e6 11. e3 Ne4 12. Ne2 Nd6 13. Rc1 a5 14. a4 Nf6 15. Ba3 Re8 16. cxd5 exd5 17. Bxd6 Qxd6 18. Nxf5 gxf5 19. Bh3 Ng4 20. Nf4 Qd7 21. Qd3 Re7 22. Rce1 Rae8 23. Re2 Bh6 24. Nh5 Qe6 25. Nf4 Bxf4 26. gxf4 Qh6 27. Bxg4 fxg4 28. Kh1 Qh3 29. Rg1 Qf3+ 30. Rg2 h5 31. Kg1 f5 32. Rg3 Qe4 33. Qxe4 Rxe4 34. h4 Rxd4 35. Rc2 Rd3 36. Rb2 Re4 37. f3 Rexe3 0-1

[Event "Titled Tuesday intern op 01st Aug Late"]
[Site "Chess.com INT"]
[Date "2023.08.01"]
[Round "6"]
[White "Rozen, Eytan"]
[Black "Zhigalko, Sergei"]
[Result "0-1"]
[WhiteElo "2433"]
[BlackElo "2572"]
[PlyCount "74"]
[EventDate "2023.08.01"]
[EventType "swiss (blitz)"]
[EventRounds "11"]
[EventCountry "USA"]
[SourceTitle "EXT 2024"]
[Source "ChessBase"]
[SourceDate "2023.10.10"]
[SourceVersion "1"]
[SourceVersionDate "2023.10.10"]
[SourceQuality "1"]

1. c4 e5 2. g3 Nf6 3. Bg2 c6 4. Nf3 d6 5. 0-0 Be7 6. Nc3 0-0 7. d3 h6 8. Rb1 Be6 9. b4 Nbd7 10. Ne1 d5 11. cxd5 cxd5 12. Nc2 Rc8 13. Bb2 d4 14. Ne4 Bxa2 15. Rc1 Bb3 16. Qd2 Qb6 17. Nxf6+ Nxf6 18. Ba3 Rc3 19. Na1 Rxc1 20. Rxc1 Bd5 21. Qc2 Bxb4 22. Rb1 a5 23. Bxb4 axb4 24. Bxd5 Nxd5 25. Qc4 Qc6 26. Nc2 Qxc4 27. dxc4 Nc3 28. Rxb4 Nxe2+ 29. Kf1 d3 30. Ne3 Ra8 31. Rxb7 Ra1+ 32. Kg2 Rc1 33. Rd7 Nd4 34. f4 f6 35. fxe5 fxe5 36. Rd5 d2 37. Rxe5 Nc2 0-1

[Event "EU-chT U18"]
[Site "Iasi"]
[Date "2023.07.26"]
[Round "3.3"]
[White "Rozen, Eytan"]
[Black "Cnejev, Vladimir Alexandru"]
[Result "1-0"]
[WhiteElo "2414"]
[BlackElo "2362"]
[PlyCount "93"]
[EventDate "2023.07.24"]
[EventType "team-swiss"]
[EventRounds "7"]
[EventCountry "ROU"]
[SourceTitle "CBM 215 Extra"]
[Source "ChessBase"]
[SourceDate "2023.09.30"]
[SourceVersion "1"]
[SourceVersionDate "2023.09.30"]
[SourceQuality "1"]
[WhiteTeam "Israel U18"]
[BlackTeam "Romania U18"]
[WhiteTeamCountry "ISR"]
[BlackTeamCountry "ROU"]

1. e4 e5 2. Nf3 Nc6 3. d4 exd4 4. Nxd4 Bc5 5. Nb3 Bb6 6. Nc3 Nf6 7. Qe2 0-0 8. Bg5 Nd4 9. Qd2 Nxb3 10. axb3 h6 11. Be3 c6 12. Bxb6 Qxb6 13. 0-0-0 d5 14. exd5 Nxd5 15. Nxd5 cxd5 16. Qd4 Bf5 17. Qxb6 axb6 18. Kd2 Rfe8 19. Bd3 Bxd3 20. Kxd3 Kf8 21. Ra1 Ke7 22. Rhe1+ Kd6 23. Rxa8 Rxa8 24. g4 g5 25. Re3 Ra1 26. Rh3 Ke5 27. Rxh6 f6 28. h4 Rd1+ 29. Ke2 Rc1 30. hxg5 fxg5 31. Kd2 Rf1 32. Ke3 Re1+ 33. Kf3 Rc1 34. c3 Rc2 35. Rg6 Rxb2 36. Rxg5+ Kd6 37. Rg6+ Kc7 38. Re6 Rxb3 39. Re3 Kd6 40. g5 Ra3 41. g6 Ra8 42. Kg4 b5 43. f4 Kc5 44. f5 b4 45. cxb4+ Kxb4 46. f6 d4 47. Rf3 1-0

[Event "EU-chT U18"]
[Site "Iasi"]
[Date "2023.07.25"]
[Round "2.4"]
[White "Rozen, Eytan"]
[Black "Kacprzak, Karol1111"]
[Result "1/2-1/2"]
[WhiteElo "2414"]
[BlackElo "2278"]
[PlyCount "145"]
[EventDate "2023.07.24"]
[EventType "team-swiss"]
[EventRounds "7"]
[EventCountry "ROU"]
[SourceTitle "CBM 215 Extra"]
[Source "ChessBase"]
[SourceDate "2023.09.30"]
[SourceVersion "1"]
[SourceVersionDate "2023.09.30"]
[SourceQuality "1"]
[WhiteTeam "Israel U18"]
[BlackTeam "Poland U18"]
[WhiteTeamCountry "ISR"]
[BlackTeamCountry "POL"]

1. d4 Nf6 2. c4 e6 3. Nf3 d5 4. Nc3 dxc4 5. e4 Bb4 6. Bxc4 Nxe4 7. 0-0 Nf6 8. Qa4+ Nc6 9. Ne5 Rb8 10. d5 exd5 11. Nxc6 bxc6 12. Nxd5 Nxd5 13. Qxc6+ Qd7 14. Qxd5 0-0 15. Qxd7 Bxd7 16. Be3 Bd6 17. b3 a5 18. Rfd1 a4 19. Bc5 Bxc5 20. Rxd7 axb3 21. Bxb3 Bd6 22. Re1 Rb5 23. g3 Rf5 24. Kg2 Rb8 25. Re4 Kf8 26. f4 Re8 27. Kf3 g6 28. Ba4 Ra8 29. Bb3 Re8 30. Rxe8+ Kxe8 31. Ba4 Ra5 32. Bc6 Kf8 33. a4 Rc5 34. Bb5 h5 35. Ke4 h4 36. Kd3 hxg3 37. hxg3 g5 38. Ke4 gxf4 39. gxf4 Kg7 40. Kd3 Rf5 41. Ke3 Kf8 42. Rd8+ Kg7 43. Bd3 Rh5 44. f5 Rh3+ 45. Kd4 Rh4+ 46. Be4 Rh3 47. Ra8 Ra3 48. Bd3 Bb4 49. Ra6 Bd6 50. Ra7 Bg3 51. Ra8 Bf2+ 52. Kc4 Bb6 53. Bc2 Kf6 54. Kb4 Ra2 55. Bb3 Ra1 56. Bc2 Ra2 57. Kc3 Ra1 58. Kb3 Ke7 59. Rh8 Rf1 60. Bd3 Rf3 61. Kc4 Rf4+ 62. Kb5 Rd4 63. Bc4 Rf4 64. Bd3 Rd4 65. Rh3 Rd5+ 66. Kc6 Rc5+ 67. Kb7 Rd5 68. Bc2 Rc5 69. Be4 Re5 70. Bd3 Rd5 71. Be4 Re5 72. Rh4 Kf6 73. Rg4 1/2-1/2

[Event "Titled Tuesday intern op 30th May Early"]
[Site "Chess.com INT"]
[Date "2023.05.30"]
[Round "5"]
[White "Rozen, Eytan"]
[Black "Kramnik, Vladimir"]
[Result "0-1"]
[WhiteElo "2417"]
[BlackElo "2753"]
[PlyCount "62"]
[EventDate "2023.05.30"]
[EventType "swiss (blitz)"]
[EventRounds "11"]
[EventCountry "USA"]
[SourceTitle "CBM 214 Extra"]
[Source "ChessBase"]
[SourceDate "2023.07.31"]
[SourceVersion "1"]
[SourceVersionDate "2023.07.31"]
[SourceQuality "1"]

1. c4 e6 2. Nc3 Bb4 3. Qb3 Ba5 4. d4 c5 5. e3 Nf6 6. Nf3 0-0 7. Be2 cxd4 8. exd4 d5 9. cxd5 exd5 10. 0-0 Re8 11. Bb5 Nc6 12. Bg5 Be6 13. Rad1 h6 14. Bh4 g5 15. Nxg5 hxg5 16. Bxg5 Bxc3 17. bxc3 Bf5 18. c4 dxc4 19. Bxc4 Bg6 20. f4 Na5 21. Qg3 Nxc4 22. f5 Ne4 23. fxg6 fxg6 24. Qd3 Qxg5 25. Qxc4+ Kh8 26. Rd3 Re7 27. Rh3+ Kg7 28. d5 Qe5 29. Qe2 Qd4+ 30. Re3 Nc3 31. Qf2 Qxe3 0-1